000 00509nam a22001697a 4500
005 20260219025227.0
008 260219b |||||||| |||| 00| 0 eng d
020 _a9789814392976
040 _cJHCSC
082 _25
_a005.13
100 _910167
_aD. S. Malik
_eAuthor
245 _aJava Programming
_bProblem Analysis to Program Design
_cD. S. Malik
250 _aFifth Edition
260 _aSingapore
_bCENGAGE Learning Asia Pte Ltd.
_cc2012
300 _a1009 pages
_bill.
942 _2ddc
_cBOOK
_eFifth Edition
999 _c11355
_d11355